00573nam a2200193Ia 4500008004000000041000800040082001100048100002000059245006000079260003900139300001300178650001000191650001400201650001000215650001300225906001100238999001900249952011100268210210b1902 xxu||||| |||| 00| 0 eng d aeng a430/20 aCAPEW (W W) Ed) aLivy: Hannibals first campaign in Italy Books 21 and 22 aLondonbMacmillan & Co. Ltd.c1902 axliv,327 aItaly aHannibals afirst acampaign a006162 c128254d128254 001040708LatinaALbALcLatind2021-02-17g0.00l0o430/20p006162r2021-02-17 00:00:00w2021-02-17yBK